George A. Romero Filmography - Statistics

General Stats
  • This quiz has been taken 9 times
  • The average score is 46 of 108
Answer Stats
Type Year Name % Correct
Film Director 1968 Night of the Living Dead
100%
Film Screenplay 1968 Night of the Living Dead
100%
Film Editor 1968 Night of the Living Dead
100%
Film Cinematography 1968 Night of the Living Dead
100%
Film Cameo 1968 Night of the Living Dead
100%
Film Screenplay 1990 Night of the Living Dead
100%
Film Production 1990 Night of the Living Dead
100%
Film Screenplay 2006 Night of the Living Dead 3D
100%
Film Director 1978 Dawn of the Dead
88%
Film Screenplay 1978 Dawn of the Dead
88%
Film Story 1978 Dawn of the Dead
88%
Film Editor 1978 Dawn of the Dead
88%
Film Cameo 1978 Dawn of the Dead
88%
Film Screenplay 2004 Dawn of the Dead
88%
Film Director 1985 Day of the Dead
88%
Film Screenplay 1985 Day of the Dead
88%
Film Story 1985 Day of the Dead
88%
Film Cameo 1985 Day of the Dead
88%
Film Screenplay 2008 Day of the Dead
88%
Film Story 2008 Day of the Dead
88%
Film Director 2005 Land of the Dead
63%
Film Screenplay 2005 Land of the Dead
63%
Film Story 2005 Land of the Dead
63%
Film Cameo 2005 Land of the Dead
63%
Film Director 1982 Creepshow
50%
Film Editor 1982 Creepshow
50%
Film Director 2007 Diary of the Dead
50%
Film Screenplay 2007 Diary of the Dead
50%
Film Story 2007 Diary of the Dead
50%
Film Cameo 2007 Diary of the Dead
50%
Film Director 1988 Monkey Shines
50%
Film Screenplay 1988 Monkey Shines
50%
Film Director 2009 Survival of the Dead
50%
Film Production 2009 Survival of the Dead
50%
Film Director 1973 The Crazies
50%
Film Screenplay 1973 The Crazies
50%
Film Editor 1973 The Crazies
50%
Film Cameo 1973 The Crazies
50%
Film Screenplay 2010 The Crazies
50%
Film Production 2010 The Crazies
50%
Film Director 2000 Bruiser
38%
Film Screenplay 2000 Bruiser
38%
Film Story 2000 Bruiser
38%
Film Screenplay 1987 Creepshow 2
38%
Film Production 2009 Deadtime Stories: Volume 1
38%
Film Host 2009 Deadtime Stories: Volume 1
38%
Film Production 2011 Deadtime Stories: Volume 2
38%
Film Host 2011 Deadtime Stories: Volume 2
38%
Film Director 1981 Knightriders
38%
Film Screenplay 1981 Knightriders
38%
Film Story 1981 Knightriders
38%
Film Editor 1981 Knightriders
38%
Film Director 1977 Martin
38%
Film Screenplay 1977 Martin
38%
Film Story 1977 Martin
38%
Film Editor 1977 Martin
38%
Film Acting Role 1977 Martin
38%
TV Documentary Director 1974 O.J. Simpson: Juice on the Loose
38%
TV Documentary Editor 1974 O.J. Simpson: Juice on the Loose
38%
Film Director 1972 Season of the Witch
38%
Film Screenplay 1972 Season of the Witch
38%
Film Story 1972 Season of the Witch
38%
Film Editor 1972 Season of the Witch
38%
Film Cinematography 1972 Season of the Witch
38%
TV Show Writer 1983, 1985, 1986 Tales from the Darkside
38%
TV Show Production 1984-1988 Tales from the Darkside
38%
Film Screenplay 1990 Tales from the Darkside: The Movie
38%
Film Director 1971 The Affair
38%
Film Director 1975 The Amusement Park
38%
Film Editor 1975 The Amusement Park
38%
Film Cameo 1975 The Amusement Park
38%
Film Director 1993 The Dark Half
38%
Film Screenplay 1993 The Dark Half
38%
Film Production 1993 The Dark Half
38%
Film Cameo 1991 The Silence of the Lambs
38%
Documentary Series Editor 1973 The Winners
38%
Documentary Series Director 1973, 1974 The Winners
38%
Documentary Series Production 1973, 1974 The Winners
38%
Film Director 1990 Two Evil Eyes
38%
Film Screenplay 1990 Two Evil Eyes
38%
Video Game Appearance 2011 Call of the Dead
25%
Documentary Appearance 1980 Document of the Dead
25%
Music Video Director 1999 Scream!
25%
Film Story TBA Twilight of the Dead
25%
Film Screenplay 2011 Another Night of the Living Dead
13%
Short Film Production 2004 Chill Factor: House Call
13%
Documentary Appearance 2008 Dead On: The Life and Cinema of George A. Romero
13%
Short Film Director 1962 Expostulations
13%
Short Film Director TBA George A. Romero's Expostulations: The Man with a Revolver
13%
Documentary Production TBA Into the Dark: Exploring the Horror Film
13%
TV Special Director 1976 Magic at the Roxy
13%
TV Special Production 1976 Magic at the Roxy
13%
Film Story 2021 Night of the Animated Dead
13%
Documentary Production 2008 One for the Fire: The Legacy of 'Night of the Living Dead'
13%
Commercial Director 1998 Resident Evil 2
13%
TV Film Director 2005 A Christmas Tale
0%
Film Cameo 2013 A Fish Story
0%
Documentary Appearance 2013 Birth of the Living Dead
0%
Documentary Appearance 2015 Chronicles of the Living Dead
0%
Film Acting Role 2006 Dead Eyes Open
0%
Film Acting Role 1986 Flight of the Spruce Goose
0%
Film Screenplay 2013 Night of the Living 3D Dead
0%
TV Show Cameo 2014 Phineas and Ferb
0%
Film Editor 1971 The Affair
0%
Film Cinematography 1971 The Affair
0%
Film Cameo 1971 The Affair
0%
Documentary Appearance 2017 When Romero Met Del Toro
0%
Video Game Appearance 2012 Zombie Squash
0%
No matching quizzes found
Score Distribution
Percent of People with Each Score
Percentile by Number Answered
Your Score History
You have not taken this quiz